[Event "Biel HTO 55th"]
[Site "Biel"]
[Date "2022.07.16"]
[Round "4"]
[White "Schwander, Lukas"]
[Black "Matsumura, Cocoro"]
[Result "1-0"]
[WhiteElo "2274"]
[BlackElo "2043"]
[PlyCount "63"]
[EventDate "2022.07.13"]
[EventType "swiss"]
[EventRounds "9"]
[EventCountry "SUI"]
[SourceTitle "CBM 209 Extra"]
[Source "ChessBase"]
[SourceDate "2022.09.30"]
[SourceVersion "1"]
[SourceVersionDate "2022.09.30"]
[SourceQuality "1"]

1. Nf3 d5 2. d4 Nf6 3. c4 e6 4. Nc3 dxc4 5. e4 Bb4 6. Bxc4 Nxe4 7. 0-0 Nxc3 8. bxc3 Be7 9. Bf4 0-0 10. Qc2 Nd7 11. Bd3 h6 12. Rfe1 Bd6 13. Ne5 Nxe5 14. dxe5 Bc5 15. Rad1 Qe7 16. Re4 Bd7 17. Bg3 Bc6 18. Rg4 Kh8 19. Qe2 Rg8 20. h4 Rad8 21. h5 Qe8 22. Bb1 f5 23. exf6 Rxd1+ 24. Qxd1 gxf6 25. Bg6 Qd8 26. Qc1 Bf8 27. Bf4 Ba4 28. Bd2 Qd7 29. Rd4 Qc6 30. Bxh6 Bc5 31. Rg4 Qd6 32. Rxa4 1-0

[Event "SUI-ch 117th"]
[Site "Graechen"]
[Date "2017.07.15"]
[Round "3"]
[White "Schwander, Lukas"]
[Black "Tillmann, Marc"]
[Result "1-0"]
[WhiteElo "2145"]
[BlackElo "1938"]
[PlyCount "144"]
[EventDate "2017.07.13"]
[EventType "swiss"]
[EventRounds "9"]
[EventCountry "SUI"]
[SourceTitle "EXT 2019"]
[Source "ChessBase"]
[SourceDate "2018.10.10"]
[SourceVersion "1"]
[SourceVersionDate "2018.10.10"]
[SourceQuality "1"]

1. e4 e6 2. d4 d5 3. Bd3 Nf6 4. e5 Nfd7 5. Ne2 c5 6. c3 Nc6 7. 0-0 cxd4 8. cxd4 f6 9. Nf4 Qe7 10. exf6 Nxf6 11. Re1 Qf7 12. Bf5 Nd8 13. Qe2 Bd6 14. Nxe6 Bxe6 15. Bxe6 Nxe6 16. Qxe6+ Qxe6 17. Rxe6+ Kd7 18. Re2 Rac8 19. Nc3 Bb4 20. Bd2 Rc4 21. a3 Bxc3 22. Bxc3 Ne4 23. Bb4 Rxd4 24. f3 Nd6 25. Rae1 Nf5 26. Re5 Nd6 27. Re7+ Kc6 28. R1e6 Rd8 29. Rxg7 Rxb4 30. axb4 Kb5 31. Rxh7 Kxb4 32. Kf2 a5 33. Rxd6 Rxd6 34. Rxb7+ Kc4 35. Ke3 d4+ 36. Kd2 Rh6 37. h3 Rg6 38. b3+ Kc5 39. g4 Rh6 40. Rc7+ Kb4 41. Rc4+ Kxb3 42. Rxd4 Rxh3 43. Ke3 a4 44. Rd3+ Kb2 45. Rd2+ Kb1 46. Rd1+ Kb2 47. Kf4 a3 48. g5 a2 49. g6 Rh2 50. Kg5 Rg2+ 51. Kh6 a1Q 52. Rxa1 Kxa1 53. f4 Rf2 54. Kg5 Kb2 55. f5 Kc3 56. f6 Kd4 57. f7 Ke5 58. g7 Rxf7 59. g8Q Rf5+ 60. Kg4 Rf4+ 61. Kg3 Rf5 62. Qe8+ Kf6 63. Kg4 Rg5+ 64. Kf4 Rf5+ 65. Ke4 Rg5 66. Qf8+ Kg6 67. Kf4 Ra5 68. Qe8+ Kg7 69. Kg4 Ra6 70. Qe5+ Kg6 71. Qf5+ Kg7 72. Kg5 Ra2 1-0

[Event "EU-ch U18 26th"]
[Site "Prague"]
[Date "2016.08.27"]
[Round "9"]
[White "Schwander, Lukas"]
[Black "Jonsson, Gauti Pall"]
[Result "1/2-1/2"]
[WhiteElo "2199"]
[BlackElo "2075"]
[PlyCount "70"]
[EventDate "2016.08.18"]
[EventType "swiss"]
[EventRounds "9"]
[EventCountry "CZE"]
[SourceTitle "CBM 174 Extra"]
[Source "ChessBase"]
[SourceDate "2016.10.10"]
[SourceVersion "1"]
[SourceVersionDate "2016.10.10"]
[SourceQuality "1"]

1. Nf3 e6 2. c4 f5 3. g3 Nf6 4. Bg2 Be7 5. 0-0 0-0 6. Nc3 d6 7. d4 a5 8. Re1 Ne4 9. Qd3 Nxc3 10. bxc3 Nc6 11. e4 e5 12. d5 Nb8 13. c5 Na6 14. cxd6 cxd6 15. Nd2 Nc5 16. Qc2 Qe8 17. Ba3 f4 18. Bxc5 dxc5 19. Qd3 Ra6 20. Nc4 Bd6 21. gxf4 Rxf4 22. Rab1 h5 23. Rb6 Rxb6 24. Nxb6 h4 25. h3 Qf8 26. Re2 Kh8 27. Rb2 c4 28. Qxc4 Bc5 29. d6 Bxb6 30. Rxb6 Rxf2 31. Rb1 Bd7 32. Rf1 Rxf1+ 33. Bxf1 Qxd6 34. Qf7 Be6 35. Qh5+ Kg8 1/2-1/2

[Event "EU-ch U18 26th"]
[Site "Prague"]
[Date "2016.08.22"]
[Round "5"]
[White "Kassay, Krisztian"]
[Black "Schwander, Lukas"]
[Result "1-0"]
[WhiteElo "2124"]
[BlackElo "2199"]
[PlyCount "55"]
[EventDate "2016.08.18"]
[EventType "swiss"]
[EventRounds "9"]
[EventCountry "CZE"]
[SourceTitle "CBM 174 Extra"]
[Source "ChessBase"]
[SourceDate "2016.10.10"]
[SourceVersion "1"]
[SourceVersionDate "2016.10.10"]
[SourceQuality "1"]

1. e4 e5 2. Nf3 Nc6 3. Bc4 Bc5 4. c3 Nf6 5. d3 a6 6. Bb3 d6 7. Nbd2 0-0 8. h3 h6 9. Nf1 d5 10. Qe2 Be6 11. g4 dxe4 12. dxe4 Bxb3 13. axb3 Qd7 14. g5 hxg5 15. Bxg5 Qe6 16. Rg1 Ne7 17. Ng3 Ng6 18. Nf5 Qc6 19. Bxf6 Qxf6 20. Qc4 Qb6 21. Rxg6 Qxg6 22. Qxc5 Qg2 23. Ke2 Qxh3 24. Qxe5 f6 25. Qe6+ Kh8 26. Qd7 Rg8 27. Ne7 Qh7 28. Ng6+ 1-0

[Event "SUI-ch op"]
[Site "Flims"]
[Date "2016.07.09"]
[Round "3"]
[White "Miezis, Normunds"]
[Black "Schwander, Lukas"]
[Result "1-0"]
[WhiteElo "2498"]
[BlackElo "2182"]
[PlyCount "55"]
[EventDate "2016.07.08"]
[EventType "swiss"]
[EventRounds "9"]
[EventCountry "SUI"]
[SourceTitle "CBM 173 Extra"]
[Source "ChessBase"]
[SourceDate "2016.08.29"]
[SourceVersion "1"]
[SourceVersionDate "2016.08.29"]
[SourceQuality "1"]

1. c4 e6 2. e4 c5 3. Nc3 Nc6 4. g3 g6 5. Bg2 Bg7 6. Nge2 Nge7 7. d3 d6 8. 0-0 0-0 9. Rb1 b6 10. Be3 Bb7 11. Qd2 Nd4 12. Bh6 Nxe2+ 13. Nxe2 d5 14. Bxg7 Kxg7 15. exd5 exd5 16. Nf4 Qd7 17. Rfe1 dxc4 18. Qc3+ Kh6 19. Bxb7 Qxb7 20. Re5 g5 21. Rxg5 Kxg5 22. Qe5+ Nf5 23. h4+ Kg4 24. Nd5 Qxd5 25. Qxd5 Nd4 26. Kg2 f5 27. Qb7 f4 28. Qd7+ 1-0

[Event "EU-ch U18 25th"]
[Site "Porec"]
[Date "2015.09.29"]
[Round "8"]
[White "Schwander, Lukas"]
[Black "Huber, Martin Christian"]
[Result "1/2-1/2"]
[WhiteElo "2127"]
[BlackElo "2312"]
[PlyCount "111"]
[EventDate "2015.09.21"]
[EventType "swiss"]
[EventRounds "9"]
[EventCountry "CRO"]
[SourceTitle "EXT 2016"]
[Source "ChessBase"]
[SourceDate "2015.10.08"]
[SourceVersion "1"]
[SourceVersionDate "2015.10.08"]
[SourceQuality "1"]

1. d4 Nf6 2. c4 g6 3. Nc3 d5 4. cxd5 Nxd5 5. e4 Nxc3 6. bxc3 Bg7 7. Qa4+ Nd7 8. Nf3 0-0 9. Be2 c5 10. 0-0 Nf6 11. e5 Nd5 12. Qa3 cxd4 13. cxd4 Bf5 14. Bd2 Qd7 15. Rac1 a6 16. Qb3 b5 17. Bd3 Be6 18. Ng5 Nf4 19. Nxe6 Nxe6 20. Be4 Nxd4 21. Qd3 Rac8 22. f4 f5 23. Bc6 Rxc6 24. Rxc6 Ne2+ 25. Qxe2 Qxc6 26. Qd3 Qe6 27. a3 Rc8 28. Rc1 Rxc1+ 29. Bxc1 g5 30. g3 Kf7 31. Kf2 Ke8 32. Bd2 gxf4 33. gxf4 Qd7 34. Qe3 Qc6 35. Bb4 Bh6 36. Qd4 Qe6 37. Kg3 Kf7 38. Qc5 Bf8 39. h3 Qc4 40. Qe3 Bh6 41. Qf3 Ke6 42. Qe3 Kf7 43. Qf3 Qe6 44. Qb7 Qb3+ 45. Kg2 Qc2+ 46. Kg3 Qb3+ 47. Kg2 Qe6 48. Qf3 Qg6+ 49. Kh2 Bf8 50. Qb3+ Qe6 51. Qe3 Qc4 52. Kg3 Qc6 53. Qd3 Qg6+ 54. Kf3 Qe6 55. Kg3 Ke8 56. Qf3 1/2-1/2

[Event "EU-ch U18 25th"]
[Site "Porec"]
[Date "2015.09.28"]
[Round "7"]
[White "Krykun, Yuriy"]
[Black "Schwander, Lukas"]
[Result "1/2-1/2"]
[WhiteElo "2236"]
[BlackElo "2127"]
[PlyCount "87"]
[EventDate "2015.09.21"]
[EventType "swiss"]
[EventRounds "9"]
[EventCountry "CRO"]
[SourceTitle "EXT 2016"]
[Source "ChessBase"]
[SourceDate "2015.10.08"]
[SourceVersion "1"]
[SourceVersionDate "2015.10.08"]
[SourceQuality "1"]

1. Nf3 Nf6 2. c4 g6 3. g3 Bg7 4. Bg2 0-0 5. 0-0 d6 6. d4 Nc6 7. Nc3 a6 8. d5 Na5 9. Nd2 c5 10. Qc2 b5 11. cxb5 axb5 12. Nxb5 Qb6 13. Nc3 Bf5 14. e4 Bc8 15. Re1 Nd7 16. b3 Ba6 17. Rb1 Qc7 18. Bf1 Rfb8 19. Bxa6 Rxa6 20. a4 Nb6 21. Nb5 Qd7 22. Bb2 Bxb2 23. Rxb2 Rc8 24. Ra1 e6 25. Nc4 exd5 26. exd5 Nxd5 27. Nxa5 Rxa5 28. Qd2 Nb4 29. Qxd6 Qf5 30. Re2 Ra6 31. Qe5 Qxe5 32. Rxe5 c4 33. bxc4 Rxc4 34. Re7 Nc2 35. Rc1 Na3 36. Rxc4 Nxc4 37. Nc3 Nb2 38. Re4 Rc6 39. Rb4 Nd3 40. Rb3 Nc1 41. Rb8+ Kg7 42. Nd5 Ra6 43. Rc8 Nd3 44. Rc3 1/2-1/2

[Event "EU-ch U18 25th"]
[Site "Porec"]
[Date "2015.09.27"]
[Round "6"]
[White "Schwander, Lukas"]
[Black "Vucinic, Gojko"]
[Result "1/2-1/2"]
[WhiteElo "2127"]
[BlackElo "2302"]
[PlyCount "73"]
[EventDate "2015.09.21"]
[EventType "swiss"]
[EventRounds "9"]
[EventCountry "CRO"]
[SourceTitle "EXT 2016"]
[Source "ChessBase"]
[SourceDate "2015.10.08"]
[SourceVersion "1"]
[SourceVersionDate "2015.10.08"]
[SourceQuality "1"]

1. Nf3 Nf6 2. c4 g6 3. Nc3 d5 4. cxd5 Nxd5 5. e4 Nxc3 6. dxc3 Qxd1+ 7. Kxd1 f6 8. Be3 e5 9. Nd2 Nd7 10. Nb3 h5 11. Kc2 Bh6 12. Bxh6 Rxh6 13. Bc4 a5 14. a4 Nb6 15. Be2 Ke7 16. Rhd1 Bd7 17. Nc5 Be8 18. f3 Nd7 19. Nb3 h4 20. Rd2 Rh8 21. Bb5 c6 22. Bf1 Rh5 23. Rf2 Rg5 24. Nd2 Nc5 25. b3 b6 26. Bc4 f5 27. Re1 Kf6 28. Bf1 b5 29. axb5 cxb5 30. f4 exf4 31. Rxf4 Rg4 32. e5+ Kg5 33. Rd4 b4 34. Nf3+ Kh6 35. Rxg4 fxg4 36. Nd4 Kg7 37. Bc4 1/2-1/2

[Event "EU-ch U18 25th"]
[Site "Porec"]
[Date "2015.09.21"]
[Round "1"]
[White "Sadikhov, Ulvi Ramil Oglu"]
[Black "Schwander, Lukas"]
[Result "1-0"]
[WhiteElo "2393"]
[BlackElo "2127"]
[PlyCount "49"]
[EventDate "2015.09.21"]
[EventType "swiss"]
[EventRounds "9"]
[EventCountry "CRO"]
[SourceTitle "EXT 2016"]
[Source "ChessBase"]
[SourceDate "2015.10.08"]
[SourceVersion "1"]
[SourceVersionDate "2015.10.08"]
[SourceQuality "1"]

1. e4 e6 2. d3 c5 3. Nf3 Nc6 4. g3 Nf6 5. Bg2 Be7 6. 0-0 0-0 7. e5 Ng4 8. Re1 f6 9. exf6 Nxf6 10. Nc3 a6 11. h3 Qc7 12. Be3 b5 13. Bf4 Bd6 14. Bxd6 Qxd6 15. Nd2 Bb7 16. Nce4 Nxe4 17. Nxe4 Qe7 18. f4 Rae8 19. c3 d5 20. Ng5 Qf6 21. Qh5 h6 22. Nxe6 g6 23. Qg4 Bc8 24. Bxd5 Ne7 25. Nxf8+ 1-0

[Event "SUI-ch op"]
[Site "Leukerbad"]
[Date "2015.07.11"]
[Round "3"]
[White "Schwander, Lukas"]
[Black "Colmenares, Aurelio"]
[Result "0-1"]
[WhiteElo "2098"]
[BlackElo "2351"]
[PlyCount "77"]
[EventDate "2015.07.09"]
[EventType "swiss"]
[EventRounds "9"]
[EventCountry "SUI"]
[SourceTitle "EXT 2019"]
[Source "ChessBase"]
[SourceDate "2018.10.10"]
[SourceVersion "1"]
[SourceVersionDate "2018.10.10"]
[SourceQuality "1"]

1. d4 Nf6 2. c4 g6 3. Nc3 d5 4. Bg5 Ne4 5. Bh4 Nxc3 6. bxc3 c5 7. e3 Bg7 8. cxd5 cxd4 9. cxd4 Qxd5 10. Nf3 Nc6 11. Be2 0-0 12. 0-0 h6 13. Qb3 Be6 14. Qxd5 Bxd5 15. Bg3 Rfc8 16. a3 Na5 17. Rfd1 Rc3 18. Nd2 Rac8 19. Bf3 Bxf3 20. gxf3 Bf8 21. Ne4 Rc2 22. Rd2 b6 23. Rxc2 Rxc2 24. Rd1 Nc4 25. Bb8 f5 26. Ng3 a6 27. a4 Nb2 28. Ra1 Rc4 29. a5 b5 30. Ne2 e6 31. Nf4 Kf7 32. d5 exd5 33. Nxd5 Bg7 34. Nc7 Rc6 35. Nd5 Na4 36. Rd1 Bf8 37. Bc7 b4 38. Bd8 b3 39. Bb6 0-1

[Event "SUI-ch U16"]
[Site "Belp"]
[Date "2014.06.08"]
[Round "6"]
[White "Baenziger, Fabian"]
[Black "Schwander, Lukas"]
[Result "0-1"]
[WhiteElo "2019"]
[BlackElo "1982"]
[PlyCount "108"]
[EventDate "2014.06.06"]
[EventType "swiss"]
[EventRounds "7"]
[EventCountry "SUI"]
[SourceTitle "EXT 2015"]
[Source "ChessBase"]
[SourceDate "2014.11.20"]
[SourceVersion "1"]
[SourceVersionDate "2014.11.20"]
[SourceQuality "1"]

1. e4 e6 2. d4 d5 3. Nd2 dxe4 4. Nxe4 Nd7 5. Nf3 Ngf6 6. Bg5 Be7 7. Nxf6+ Bxf6 8. Bxf6 Qxf6 9. Qd2 0-0 10. 0-0-0 e5 11. Qc3 Qf4+ 12. Kb1 e4 13. Nd2 Nf6 14. Qe3 Qxe3 15. fxe3 Re8 16. Be2 Nd5 17. Nf1 f5 18. Bc4 c6 19. Bxd5+ cxd5 20. h4 Be6 21. Ng3 Rac8 22. Ne2 g6 23. Nf4 Kg7 24. Rh3 Bf7 25. Rg3 Kf6 26. Rf1 h5 27. Rg5 Rh8 28. Nh3 Ke7 29. Nf4 Kf6 30. Kc1 Rc6 31. Kd1 Ra6 32. a3 Rb6 33. b3 Ra6 34. a4 b5 35. axb5 Ra1+ 36. Ke2 Rxf1 37. Kxf1 Rc8 38. Nxd5+ Bxd5 39. c4 Bxc4+ 40. bxc4 Rxc4 41. Ke2 Rb4 42. Kd2 Rxb5 43. Kc2 a5 44. Rg3 a4 45. Rh3 a3 46. Rh1 Rb2+ 47. Kc3 Rxg2 48. d5 Ke5 49. Rd1 Kd6 50. Kd4 a2 51. Ra1 Rd2+ 52. Kc4 Ke5 53. d6 Kxd6 54. Rg1 Ke5 0-1

[Event "SUI-ch U16"]
[Site "Belp"]
[Date "2014.06.07"]
[Round "4"]
[White "Bischofberger, Dario"]
[Black "Schwander, Lukas"]
[Result "1/2-1/2"]
[WhiteElo "2113"]
[BlackElo "1982"]
[PlyCount "49"]
[EventDate "2014.06.06"]
[EventType "swiss"]
[EventRounds "7"]
[EventCountry "SUI"]
[SourceTitle "EXT 2015"]
[Source "ChessBase"]
[SourceDate "2014.11.20"]
[SourceVersion "1"]
[SourceVersionDate "2014.11.20"]
[SourceQuality "1"]

1. d4 d6 2. Nf3 Nf6 3. c4 g6 4. Nc3 Bg7 5. g3 0-0 6. Bg2 Nbd7 7. 0-0 c6 8. e4 e5 9. dxe5 dxe5 10. b3 Re8 11. Qc2 Qc7 12. h3 Nc5 13. Ba3 Bf8 14. Rad1 Ne6 15. Bb2 Nd7 16. a3 a5 17. Rfe1 b6 18. Na4 Nec5 19. Nc3 Ne6 20. Ne2 f6 21. Nh2 Bb7 22. Ng4 Bg7 23. Bc1 Rad8 24. Be3 c5 25. Nc3 1/2-1/2

[Event "Zuerich op 37th"]
[Site "Zuerich"]
[Date "2013.12.27"]
[Round "2"]
[White "Perman, Denis"]
[Black "Schwander, Lukas"]
[Result "0-1"]
[WhiteElo "1849"]
[BlackElo "1896"]
[PlyCount "68"]
[EventDate "2013.12.26"]
[EventType "swiss"]
[EventRounds "7"]
[EventCountry "SUI"]
[SourceTitle "CBM 158 Extra"]
[Source "ChessBase"]
[SourceDate "2014.02.28"]
[SourceVersion "1"]
[SourceVersionDate "2014.02.28"]
[SourceQuality "1"]

1. e4 e5 2. Nf3 Nc6 3. Bb5 g6 4. c3 a6 5. Ba4 d6 6. d4 Bd7 7. 0-0 Bg7 8. d5 Nce7 9. Bxd7+ Qxd7 10. Nfd2 f5 11. f3 Nf6 12. c4 0-0 13. b4 fxe4 14. fxe4 Bh6 15. Re1 b5 16. Nc3 Bxd2 17. Bxd2 bxc4 18. Qe2 c6 19. Qxc4 cxd5 20. Nxd5 Nfxd5 21. exd5 Qb5 22. Qxb5 axb5 23. Red1 Rfc8 24. a3 Rc2 25. Kf1 Kf7 26. h3 Nxd5 27. Rac1 Rxc1 28. Bxc1 Ke6 29. Kf2 Nc3 30. Rd3 Rc8 31. Bd2 Ne4+ 32. Ke3 d5 33. Be1 Nd6 34. g4 Rc2 0-1

[Event "EU Union-ch U14 10th"]
[Site "Mureck"]
[Date "2012.08.07"]
[Round "7"]
[White "Dodu, Iulian Laurentiu"]
[Black "Schwander, Lukas"]
[Result "1-0"]
[WhiteElo "1839"]
[BlackElo "1732"]
[PlyCount "91"]
[EventDate "2012.08.01"]
[EventType "swiss"]
[EventRounds "9"]
[EventCountry "AUT"]
[SourceTitle "CBM 149 Extra"]
[Source "ChessBase"]
[SourceDate "2012.08.24"]
[SourceVersion "1"]
[SourceVersionDate "2012.08.24"]
[SourceQuality "1"]

1. e4 e6 2. d4 d5 3. e5 c5 4. c3 Nc6 5. Nf3 Bd7 6. a3 c4 7. Be2 Na5 8. Nbd2 Qb6 9. 0-0 Ne7 10. Ng5 h6 11. Nh3 0-0-0 12. Rb1 Qc6 13. b4 cxb3 14. Nxb3 Nxb3 15. Qxb3 Nf5 16. a4 f6 17. Nf4 g5 18. Bb5 Qc7 19. Bxd7+ Kxd7 20. Ng6 Rg8 21. Nxf8+ Rgxf8 22. Ba3 Rf7 23. Qxb7 fxe5 24. dxe5 Ke8 25. Qb5+ Rfd7 26. Qb4 Kf7 27. g4 Nh4 28. f4 Kg7 29. Qd4 Rf7 30. Bd6 Qc6 31. f5 Qd7 32. a5 Kg8 33. f6 Qc6 34. Be7 Rc8 35. Rb3 Qc4 36. Qxc4 Rxc4 37. h3 Ng6 38. Rb8+ Kh7 39. Rfb1 Rxc3 40. R1b7 Rc1+ 41. Kf2 Nxe5 42. Bd6 Nd7 43. Rd8 Ne5 44. Re7 Rc2+ 45. Kf1 Rc1+ 46. Ke2 1-0

[Event "EU Union-ch U14 10th"]
[Site "Mureck"]
[Date "2012.08.05"]
[Round "5"]
[White "Schwander, Lukas"]
[Black "Ptacek, Tomas"]
[Result "0-1"]
[WhiteElo "1732"]
[BlackElo "2019"]
[PlyCount "70"]
[EventDate "2012.08.01"]
[EventType "swiss"]
[EventRounds "9"]
[EventCountry "AUT"]
[SourceTitle "CBM 149 Extra"]
[Source "ChessBase"]
[SourceDate "2012.08.24"]
[SourceVersion "1"]
[SourceVersionDate "2012.08.24"]
[SourceQuality "1"]

1. e4 e6 2. d3 d5 3. Nd2 c5 4. Ngf3 Nc6 5. g3 Nge7 6. Bg2 g6 7. 0-0 Bg7 8. Re1 0-0 9. e5 Qc7 10. Qe2 Nf5 11. c3 b5 12. a3 Rb8 13. b4 cxb4 14. axb4 d4 15. Bb2 Rd8 16. Nb3 a5 17. Nbxd4 Nfxd4 18. Nxd4 Nxd4 19. cxd4 a4 20. Rec1 Qe7 21. Bc3 Bb7 22. Bxb7 Rxb7 23. f4 Rc7 24. Qb2 h5 25. Kf2 Qd7 26. Ke3 Qd5 27. Qa2 Qb7 28. Qb2 Rdc8 29. Ra3 Qd5 30. Qd2 Bf8 31. Qb2 Be7 32. Kf2 Kg7 33. Ke3 h4 34. Rc2 h3 35. Ra1 Qb3 0-1

[Event "EU Union-ch U14 10th"]
[Site "Mureck"]
[Date "2012.08.02"]
[Round "2"]
[White "Schwander, Lukas"]
[Black "Vogel, Doris"]
[Result "1-0"]
[WhiteElo "1732"]
[BlackElo "1536"]
[PlyCount "71"]
[EventDate "2012.08.01"]
[EventType "swiss"]
[EventRounds "9"]
[EventCountry "AUT"]
[SourceTitle "CBM 149 Extra"]
[Source "ChessBase"]
[SourceDate "2012.08.24"]
[SourceVersion "1"]
[SourceVersionDate "2012.08.24"]
[SourceQuality "1"]

1. e4 c5 2. Nf3 Nc6 3. Bb5 g6 4. Bxc6 bxc6 5. 0-0 Bg7 6. Re1 Nf6 7. e5 Nd5 8. d4 cxd4 9. Qxd4 0-0 10. a3 Bb7 11. Qh4 f6 12. Bh6 Rf7 13. Bxg7 Kxg7 14. c4 Nc7 15. Nc3 d5 16. Rad1 Qd7 17. Qd4 a6 18. Na4 Rd8 19. Qa7 Ne6 20. exf6+ exf6 21. Qe3 Nc7 22. Nc5 Qc8 23. Qd4 Kg8 24. Re3 Rff8 25. Rde1 Rde8 26. Re7 Ba8 27. Nd7 Rxe7 28. Rxe7 Rf7 29. Nxf6+ Kf8 30. Rxf7+ Kxf7 31. Ng5+ Ke7 32. Qe5+ Ne6 33. Nfxh7 Bb7 34. c5 a5 35. Qd6+ Ke8 36. Nf6# 1-0